000 00235nam a2200097Ia 4500
001 1158190
005 20250827011257.0
008 250824s9999 xx 000 0 und d
245 0 _aKOMİK Mİ?
_cCEYLAN TAŞ
260 _bKETEBE YAYINLARI
999 _c1158190
_d1158190